LEADER 01310nam--2200421---450- 001 990001259740203316 005 20031113140850.0 035 $a000125974 035 $aUSA01000125974 035 $a(ALEPH)000125974USA01 035 $a000125974 100 $a20031113d1995----km-y0itay0103----ba 101 0 $aita 102 $aIT 105 $aa|||||||001yy 200 1 $aGuida alla progettazione senza barriere$emetodi, criteri e strumenti per l'accessibilità dell'ambiente costruito$fMichele De Sivo, Biagio Lentini 205 $aNuova ed. 210 $aFirenze$cAlinea$d1995 215 $a419 p.$cill.$d27 cm 225 2 $a<> processo edilizio$v16 300 $aSeguono appendici 410 0$12001$a<> processo edilizio$v16 454 1$12001 461 1$1001-------$12001 606 0 $aEdifici per minorati$xProgettazione 606 0 $aBarriere architettoniche 676 $a720.42 700 1$aDE SIVO,$bMichele$0556909 701 1$aLENTINI,$bBiagio$010829 801 0$aIT$bsalbc$gISBD 912 $a990001259740203316 951 $a720.42 DIS$b10323 Ing$c720.42 959 $aBK 969 $aTEC 979 $aSIAV5$b10$c20031113$lUSA01$h1408 979 $aPATRY$b90$c20040406$lUSA01$h1730 996 $aGuida alla progettazione senza barriere$9986244 997 $aUNISA LEADER 01589cam0-2200481---450- 001 990000047270203316 005 20090610165108.0 010 $a88-13-22037-5 035 $a0004727 035 $aUSA010004727 035 $a(ALEPH)000004727USA01 035 $a0004727 100 $a20000914d1999----|||y0itay0103----ba 101 0 $aita 105 $a||||m---001yy 200 1 $a<> nuovi confini dell'interesse pubblico e altri saggi$eautonomie locali e funzione amministrativa nella trasformazione della P.A.$fGuido Clemente di San Luca 210 $aPadova$cCEDAM$d1999 215 $aXI, 171 p.$d20 cm 300 $aGiáa pubbl. 610 $aAutonomia locale Italia Legislazione 610 $aDecentramento amministrativo Italia Legislazione 676 $a342.450 42 700 1$aCLEMENTE DI SAN LUCA,$bGuido$0230838 801 $aIT$bSALBC$gISBD 912 $a990000047270203316 951 $aXXIV.3.C 62 (IG V 601)$b23028 G.$d00232325 959 $aBK 979 $c20000914$lUSA01$h1721 979 $c20001019$lUSA01$h1054 979 $c20001019$lUSA01$h1452 979 $c20001019$lUSA01$h1459 979 $c20001019$lUSA01$h1537 979 $c20001024$lUSA01$h1513 979 $c20001027$lUSA01$h1517 979 $c20001027$lUSA01$h1522 979 $c20001110$lUSA01$h1709 979 $c20001124$lUSA01$h1206 979 $c20020403$lUSA01$h1612 979 $aPATRY$b90$c20040406$lUSA01$h1605 979 $aRSIAV4$b90$c20090610$lUSA01$h1651 996 $aNuovi confini dell'interesse pubblico e altri saggi$9690083 997 $aUNISA bas $agiu